000 00382nam a2200157Ia 4500
005 20250701025622.0
008 240331s9999 xx 000 0 und d
020 _a9558033278
082 _bRAJ
_a891
100 _aRajakaruna,S
245 0 _aRidee thiranganavee
260 _aDehiwala
_bIllustrated Publication
_c2000
300 _a530 p .,
650 _aSinhala Novel
942 _cL
999 _c5317
_d5317